Lịch sử 10

LS015

Zapisane w:
Opis bibliograficzny
1. autor: Phan, Ngọc Liên
Kolejni autorzy: Lương, Ninh
Format: Książka
Język:Undetermined
Wydane: H. Giáo dục Việt Nam 2010
Hasła przedmiotowe:
Dostęp online:http://lrc.tdmu.edu.vn/opac/search/detail.asp?aID=2&ID=6530
Etykiety: Dodaj etykietę
Nie ma etykietki, Dołącz pierwszą etykiete!
Thư viện lưu trữ: Trung tâm Học liệu Trường Đại học Thủ Dầu Một
LEADER 00689nam a2200217Ia 4500
001 TDMU_6530
008 210410s9999 xx 000 0 und d
082 |a 900.71 
090 |b PH105 
100 |a Phan, Ngọc Liên 
245 0 |a Lịch sử 10 
245 0 |c Phan Ngọc Liên 
260 |a H. 
260 |b Giáo dục Việt Nam 
260 |c 2010 
300 |a 204tr. 
520 |a LS015  |d Lý luận và Phương pháp dạy học Lịch sử 
650 |a Sách lớp 10; Lịch sử 
700 |a Lương, Ninh 
856 |u http://lrc.tdmu.edu.vn/opac/search/detail.asp?aID=2&ID=6530 
980 |a Trung tâm Học liệu Trường Đại học Thủ Dầu Một